<?xml version="1.0" encoding="UTF-8"?><?xml-stylesheet type="text/xsl" href="static/style.xsl"?><OAI-PMH xmlns="http://www.openarchives.org/OAI/2.0/" xmlns:xsi="http://www.w3.org/2001/XMLSchema-instance" xsi:schemaLocation="http://www.openarchives.org/OAI/2.0/ http://www.openarchives.org/OAI/2.0/OAI-PMH.xsd"><responseDate>2026-04-27T21:51:45Z</responseDate><request verb="GetRecord" identifier="oai:uvadoc.uva.es:10324/9064" metadataPrefix="marc">https://uvadoc.uva.es/oai/request</request><GetRecord><record><header><identifier>oai:uvadoc.uva.es:10324/9064</identifier><datestamp>2021-06-29T10:34:00Z</datestamp><setSpec>com_10324_38</setSpec><setSpec>col_10324_852</setSpec></header><metadata><record xmlns="http://www.loc.gov/MARC21/slim" xmlns:doc="http://www.lyncode.com/xoai" xmlns:xsi="http://www.w3.org/2001/XMLSchema-instance" xmlns:dcterms="http://purl.org/dc/terms/" xsi:schemaLocation="http://www.loc.gov/MARC21/slim http://www.loc.gov/standards/marcxml/schema/MARC21slim.xsd">
<leader>00925njm 22002777a 4500</leader>
<datafield tag="042" ind1=" " ind2=" ">
<subfield code="a">dc</subfield>
</datafield>
<datafield tag="720" ind1=" " ind2=" ">
<subfield code="a">Romo Toral, Natalia</subfield>
<subfield code="e">author</subfield>
</datafield>
<datafield tag="260" ind1=" " ind2=" ">
<subfield code="c">2014</subfield>
</datafield>
<datafield tag="520" ind1=" " ind2=" ">
<subfield code="a">El Trabajo de Fin de Grado tiene como objetivo valorar las oportunidades que ofrecen las redes sociales a las empresas para desarrollar su espíritu emprendedor a nivel corporativo en relación a sus clientes. La importancia y el uso de las redes sociales en la actualidad generan&#xd;
oportunidades para las empresas a la hora de abrir nuevos negocios, generar&#xd;
contactos con otras empresas del sector o formar relaciones con socios&#xd;
comerciales. Además, las redes sociales suponen para las compañías un canal&#xd;
eficaz a la hora de establecer relaciones con los consumidores, que pueden&#xd;
llegar a ser una fuente muy importante de generación de ideas.</subfield>
</datafield>
<datafield tag="024" ind2=" " ind1="8">
<subfield code="a">http://uvadoc.uva.es/handle/10324/9064</subfield>
</datafield>
<datafield ind1=" " ind2=" " tag="653">
<subfield code="a">Redes sociales (Internet) - Aspecto económico</subfield>
</datafield>
<datafield ind1=" " ind2=" " tag="653">
<subfield code="a">Marketing en Internet</subfield>
</datafield>
<datafield tag="245" ind1="0" ind2="0">
<subfield code="a">Las redes sociales y el espíritu emprendedor en la empresa</subfield>
</datafield>
</record></metadata></record></GetRecord></OAI-PMH>